000 00470nam a2200181Ia 4500
008 240925s9999 xx 000 0 und d
020 _a70341435
082 _a621.382 JUR
100 _aJurgen ,Ronald K.
245 0 _aDigital Consumer Electronics Handbook
250 _aNA
260 _aToronto:
_bMc Graw-Hill
_c,1997.
300 _axiii,786p.
_bNA
_fOriginal
500 _aIncludes Index
600 _aElectronic Engineering
650 _aTechnology
942 _cBK
999 _c4171
_d4171